Cultivo en invernadero
Gorde:
| Egile Nagusiak: | , |
|---|---|
| Formatua: | Liburua |
| Hizkuntza: | gaztelania |
| Argitaratua: |
Madrid
Mundi-Prensa
1984
|
| Edizioa: | 2a. ed |
| Gaiak: | |
| Etiketak: |
Etiketa erantsi
Etiketarik gabe, Izan zaitez lehena erregistro honi etiketa jartzen!
|
MARC
| LEADER | 00000nam a2200000 a 4500 | ||
|---|---|---|---|
| 001 | UCR4510 | ||
| 003 | CL-VaPUC | ||
| 008 | 980313e19840000SP |||||||||||||||||spa|d | ||
| 082 | 0 | 4 | |a 631.583 |b ALP |2 21 |
| 100 | 0 | |a Alpi, Amadeo |e author |9 404753 | |
| 700 | 0 | |a Tognoni, Franco |e author |9 404754 | |
| 245 | 1 | 0 | |a Cultivo en invernadero |
| 250 | |a 2a. ed | ||
| 300 | |a 254 p | ||
| 942 | |c BK | ||
| 945 | |d 19980313 00:00:00 |a rleighto | ||
| 260 | |a Madrid |b Mundi-Prensa |c 1984 | ||
| 650 | 0 | |a Invernaderos |9 264317 | |
| 650 | 0 | |a Cultivos en invernaderos |9 404755 | |
| 650 | 0 | |a Cultivo |9 264268 | |
| 650 | 7 | |a TEMPERATURA |2 CL-VaPUC |9 404756 | |
| 650 | 0 | |a Luz |9 263172 | |
| 650 | 7 | |a HUMEDAD |2 CL-VaPUC |9 259412 | |
| 650 | 0 | |a Climatización |9 404757 | |
| 650 | 7 | |a CALEFACCION |2 CL-VaPUC |9 404758 | |
| 650 | 0 | |a Hidroponía |x Hortalizas |9 380084 | |
| 583 | |a last modification |c 20120104 12:09:30 |k Rodrigo Vera | ||
| 999 | |c 267448 |d 267446 | ||
| 952 | |0 0 |1 0 |4 0 |6 631_583000000000000_ALP_1984 |7 0 |8 A |9 299770 |a BIBAGR |b BIBAGR |d 2019-11-20 |i 3399966 |o 631.583 ALP 1984 |p 3399966 |r 2025-01-20 |w 2019-11-20 |y BK |k AGR | ||